Loading...
Beliefs | 3 | 7 | 2 | 3 | 105 | 10 | 97.70 | 5 | 8 |
History - World History | 2 | 5 | 0 | 0 | 80 | 28 | 69.86 | 2 | 5 |
Auditory Arts | 3 | 3 | 0 | 1 | 75 | 49 | 89.50 | 3 | 6 |
History - European History | 1 | 5 | 0 | 1 | 65 | 53 | 86.50 | 1 | 3 |
History - Other History | 2 | 3 | 1 | 0 | 55 | 47 | 68.40 | 2 | 4 |
Social Science | 0 | 5 | 1 | 2 | 45 | 72 | 105.00 | 2 | 3 |
Literature - World Literature | 1 | 2 | 0 | 0 | 35 | 75 | 109.00 | 1 | 3 |
History - Ancient History | 1 | 2 | 0 | 1 | 35 | 72 | 96.67 | 1 | 3 |
Science - Other Science | 0 | 3 | 0 | 2 | 30 | 116 | 126.67 | 1 | 2 |
Current Events | 0 | 3 | 0 | 1 | 30 | 68 | 100.33 | 1 | 1 |
Fine Arts - Other Arts | 0 | 3 | 0 | 1 | 30 | 85 | 101.33 | 1 | 3 |
Literature - American Literature | 1 | 1 | 0 | 1 | 25 | 79 | 115.00 | 0 | 1 |
Philosophy | 0 | 3 | 2 | 1 | 20 | 76 | 105.33 | 0 | 1 |
History - American History | 0 | 2 | 0 | 2 | 20 | 113 | 118.00 | 0 | 1 |
Literature - British Literature | 0 | 1 | 0 | 0 | 10 | 76 | 76.00 | 0 | 1 |
Science - Chemistry | 0 | 1 | 0 | 1 | 10 | 129 | 129.00 | 0 | 1 |
Visual Arts | 0 | 1 | 0 | 0 | 10 | 121 | 121.00 | 0 | 0 |
Geography | 0 | 1 | 2 | 0 | 0 | 93 | 93.00 | 0 | 1 |